000 00872cam a2200289 a 4500
001 2404092
003 OSt
005 20140310182217.0
008 860616s1985 ug a 000 0 eng
010 _a 85981541
040 _aDLC
_cDLC
_dDLC
043 _af-ug---
050 0 0 _aDT 433.285
_b.M872 1986
082 0 0 _aHS 967.61
_bM97 1986
100 1 _aMuseveni, Yoweri,
_d1944-
_917125
240 1 0 _aSelections.
_f1985
245 1 0 _aSelected articles on the Uganda Resistance War /
_cYoweri Museveni.
260 _aNairobi, Kenya :
_bNRM Publication,
_cc1986.
300 _a87 p. :
_bill. ;
_c21 cm.
541 _j1
562 _e1
650 0 _aMuseveni, Yoweri
_917126
650 0 _aUganda
_xPolitics & government
_x1979
_917127
650 0 _aUganda
_xForeign relations
_917128
906 _a7
_bcbc
_corignew
_d2
_encip
_f19
_gy-gencatlg
942 _2lcc
_cHS
999 _c10624
_d10624